[Event "Titled Tuesday 2024.12.24 Early"]
[Site "chess.com INT"]
[Date "2024.12.24"]
[Round "7"]
[White "Samsonkin, Artiom"]
[Black "Le, Quang Liem"]
[Result "0-1"]
[WhiteElo "2363"]
[BlackElo "2739"]
[WhiteFideId "-1"]
[WhiteFideId "-1"]
[PlyCount "68"]
[GameId "2129405226922172"]
[EventDate "2024.12.24"]
[EventType "swiss (blitz)"]
[EventRounds "11"]
[EventCountry "NET"]
[SourceTitle "The Week in Chess 1573"]
[Source "Mark Crowther"]
[SourceDate "2024.12.30"]
[SourceVersion "1"]
[SourceVersionDate "2024.12.30"]
[SourceQuality "2"]

1. e4 e5 2. Nf3 Nc6 3. d4 exd4 4. Bc4 Nf6 5. e5 d5 6. Bb5 Nd7 7. O-O Be7 8. Bxc6 bxc6 9. Nxd4 Nb8 10. c4 O-O 11. Nc3 dxc4 12. Be3 c5 13. Qf3 cxd4 14. Qxa8 Bf5 15. Rfd1 Bd3 16. Qxa7 dxc3 17. bxc3 Nc6 18. Qb7 Qd7 19. Qb5 Qe6 20. f4 Rb8 21. Qa6 h5 22. a4 h4 23. h3 Rb2 24. Rd2 Rb3 25. a5 Rxc3 26. Qa8+ Kh7 27. a6 Be4 28. a7 Rxe3 29. Qb7 Nxa7 30. Qxa7 Qb6 31. Qxb6 cxb6 32. Rc1 Bd3 33. Kh2 b5 34. Rb2 b4 0-1

[Event "Titled Tuesday 2024.12.24 Early"]
[Site "chess.com INT"]
[Date "2024.12.24"]
[Round "8"]
[White "Banh Gia Huy"]
[Black "Samsonkin, Artiom"]
[Result "1/2-1/2"]
[WhiteElo "2422"]
[BlackElo "2363"]
[WhiteFideId "-1"]
[WhiteFideId "-1"]
[PlyCount "106"]
[GameId "2129405226922433"]
[EventDate "2024.12.24"]
[EventType "swiss (blitz)"]
[EventRounds "11"]
[EventCountry "NET"]
[SourceTitle "The Week in Chess 1573"]
[Source "Mark Crowther"]
[SourceDate "2024.12.30"]
[SourceVersion "1"]
[SourceVersionDate "2024.12.30"]
[SourceQuality "2"]

1. c4 Nf6 2. Nf3 e6 3. g3 b6 4. Bg2 Bb7 5. O-O g6 6. d4 Bg7 7. Nc3 d5 8. cxd5 Nxd5 9. Re1 O-O 10. e4 Nxc3 11. bxc3 Nd7 12. h4 h6 13. Bf4 Rc8 14. Qd2 Kh7 15. Rad1 Qe7 16. Qc2 e5 17. Nxe5 Nxe5 18. dxe5 Bxe5 19. Be3 Rcd8 20. h5 Qa3 21. Bd4 Qe7 22. f4 Bg7 23. hxg6+ fxg6 24. f5 Qg5 25. Bxg7 Kxg7 26. Rxd8 Rxd8 27. Rd1 gxf5 28. exf5 Bxg2 29. Rxd8 Qxd8 30. Kxg2 Qd5+ 31. Kh3 Kf6 32. g4 Qh1+ 33. Kg3 Qg1+ 34. Kh3 Qf1+ 35. Kg3 Qg1+ 36. Kh3 h5 37. gxh5 Qg5 38. Qe2 Qxf5+ 39. Kh4 Qf4+ 40. Kh3 Qf5+ 41. Kg3 Qg5+ 42. Qg4 Qe3+ 43. Qf3+ Qxf3+ 44. Kxf3 Kg5 45. Ke4 Kxh5 46. Kd5 Kg4 47. Kc6 Kf4 48. Kxc7 Ke4 49. Kb7 Kd3 50. Kxa7 Kxc3 51. Kxb6 Kb4 52. Kc6 Ka3 53. Kb5 Kxa2 1/2-1/2

[Event "Titled Tuesday 2024.12.24 Early"]
[Site "chess.com INT"]
[Date "2024.12.24"]
[Round "9"]
[White "Samsonkin, Artiom"]
[Black "Nigmatov, Ortik"]
[Result "1-0"]
[WhiteElo "2363"]
[BlackElo "2447"]
[WhiteFideId "-1"]
[WhiteFideId "-1"]
[PlyCount "111"]
[GameId "2129405226922683"]
[EventDate "2024.12.24"]
[EventType "swiss (blitz)"]
[EventRounds "11"]
[EventCountry "NET"]
[SourceTitle "The Week in Chess 1573"]
[Source "Mark Crowther"]
[SourceDate "2024.12.30"]
[SourceVersion "1"]
[SourceVersionDate "2024.12.30"]
[SourceQuality "2"]

1. e4 c5 2. Nf3 d6 3. d4 cxd4 4. Qxd4 Nc6 5. Bb5 Bd7 6. Bxc6 Bxc6 7. Nc3 Nf6 8. Bg5 e6 9. O-O-O Be7 10. Rhe1 O-O 11. Kb1 h6 12. Bh4 Qa5 13. Qd2 Rfd8 14. Nd5 Qxd2 15. Nxe7+ Kf8 16. Nxd2 Kxe7 17. f4 e5 18. g3 Rg8 19. Bxf6+ gxf6 20. Nc4 Rad8 21. Rd2 exf4 22. gxf4 Rg4 23. Rf2 Kf8 24. Ne3 Rg6 25. Nf5 d5 26. Rd2 Rd7 27. exd5 Rxd5 28. Rxd5 Bxd5 29. Ne7 Bc6 30. Nxg6+ fxg6 31. c4 g5 32. fxg5 hxg5 33. Kc2 f5 34. Kd3 Kf7 35. Kd4 Kf6 36. b4 f4 37. b5 Bg2 38. c5 Kf5 39. Re7 Kg4 40. a4 Kh3 41. Rh7+ Kg4 42. a5 a6 43. c6 bxc6 44. b6 c5+ 45. Kxc5 Ba8 46. Kd4 Bc6 47. b7 Bxb7 48. Rxb7 Kh3 49. Rb6 Kxh2 50. Rxa6 g4 51. Ke4 f3 52. Ke3 Kg2 53. Rf6 Kh1 54. Kf2 g3+ 55. Kxg3 Kg1 56. Rxf3 1-0

[Event "Titled Tuesday 2024.12.24 Early"]
[Site "chess.com INT"]
[Date "2024.12.24"]
[Round "10"]
[White "Tokhirjonova, Gulrukhbegim"]
[Black "Samsonkin, Artiom"]
[Result "1-0"]
[WhiteElo "2385"]
[BlackElo "2363"]
[WhiteFideId "-1"]
[WhiteFideId "-1"]
[PlyCount "133"]
[GameId "2129405226922926"]
[EventDate "2024.12.24"]
[EventType "swiss (blitz)"]
[EventRounds "11"]
[EventCountry "NET"]
[SourceTitle "The Week in Chess 1573"]
[Source "Mark Crowther"]
[SourceDate "2024.12.30"]
[SourceVersion "1"]
[SourceVersionDate "2024.12.30"]
[SourceQuality "2"]

1. d4 Nf6 2. Bf4 e6 3. Nc3 Bb4 4. e3 Bxc3+ 5. bxc3 d6 6. Bd3 Nbd7 7. Nf3 Qe7 8. Bg3 e5 9. Be2 Ne4 10. c4 O-O 11. O-O Nxg3 12. hxg3 Nf6 13. d5 Nd7 14. Rb1 Nc5 15. Nd2 a5 16. Nb3 Ne4 17. Qe1 a4 18. Nc1 f5 19. f3 Nc5 20. Nd3 b6 21. Nxc5 bxc5 22. Qd2 a3 23. Kf2 Qg5 24. Rh1 h6 25. f4 Qf6 26. Rb3 Ra4 27. Qc3 Ba6 28. Rxa3 Rxa3 29. Qxa3 Bc8 30. Rb1 Re8 31. Rb8 Kh7 32. Qa8 exf4 33. Rxc8 Rxe3 34. Bh5 g6 35. Rxc7+ Re7 36. Rxe7+ Qxe7 37. Bxg6+ Kxg6 38. Qg8+ Kf6 39. gxf4 Qa7 40. Qe6+ Kg7 41. Qxd6 Qxa2 42. Qe5+ Kg6 43. Qe6+ Kg7 44. Qe5+ Kg6 45. Qe6+ Kg7 46. Qxf5 Qxc4 47. Qd3 Qxf4+ 48. Ke2 Qg4+ 49. Qf3 Qc4+ 50. Kf2 Qd4+ 51. Ke2 Qc4+ 52. Kd2 Qd4+ 53. Ke1 Qe5+ 54. Kf1 Qa1+ 55. Ke2 Qa6+ 56. Kf2 Qc4 57. Qf5 Qd4+ 58. Kg3 Qe3+ 59. Kh2 Qd4 60. Qd7+ Kh8 61. Qe6 Qh4+ 62. Kg1 Qd4+ 63. Kh2 Qh4+ 64. Qh3 Qf4+ 65. Qg3 Qd4 66. d6 Kh7 67. Qd3+ 1-0

[Event "Titled Tuesday 2024.12.24 Early"]
[Site "chess.com INT"]
[Date "2024.12.24"]
[Round "11"]
[White "Samsonkin, Artiom"]
[Black "Tristan, Leonardo"]
[Result "0-1"]
[WhiteElo "2363"]
[BlackElo "2542"]
[WhiteFideId "-1"]
[WhiteFideId "-1"]
[PlyCount "88"]
[GameId "2129405226923048"]
[EventDate "2024.12.24"]
[EventType "swiss (blitz)"]
[EventRounds "11"]
[EventCountry "NET"]
[SourceTitle "The Week in Chess 1573"]
[Source "Mark Crowther"]
[SourceDate "2024.12.30"]
[SourceVersion "1"]
[SourceVersionDate "2024.12.30"]
[SourceQuality "2"]

1. e4 d5 2. Nf3 dxe4 3. Ng5 Nf6 4. Nc3 e6 5. Ngxe4 Be7 6. g3 Nxe4 7. Nxe4 Bd7 8. Bg2 Bc6 9. O-O O-O 10. Qe2 Nd7 11. d4 Qe8 12. c4 Nf6 13. Bf4 Nxe4 14. Bxe4 Bxe4 15. Qxe4 c6 16. Rad1 Bf6 17. Bd6 Be7 18. Bxe7 Qxe7 19. d5 Qf6 20. dxc6 bxc6 21. b3 Qb2 22. Ra1 c5 23. Rfb1 Qa3 24. Rd1 a5 25. Kg2 a4 26. bxa4 Rxa4 27. Rd7 Qb2 28. Rad1 Rxa2 29. Qe3 Qb6 30. R1d6 Qa5 31. Rc6 Qa8 32. Qxc5 h6 33. Rdc7 Rd8 34. Kh3 Qa4 35. Qe7 Rf8 36. Rc8 Rxc8 37. Rxc8+ Kh7 38. Qxf7 Re2 39. Qg8+ Kg6 40. Rc7 Qa1 41. Qf7+ Kh7 42. Qf3 Qf1+ 43. Kh4 Rxf2 44. Qd3+ Qxd3 0-1

[Event "US Masters"]
[Site "Charlotte USA"]
[Date "2024.11.28"]
[Round "2.11"]
[White "Samsonkin, Artiom"]
[Black "Matviishen, Viktor"]
[Result "0-1"]
[WhiteElo "2363"]
[BlackElo "2566"]
[WhiteFideId "-1"]
[WhiteFideId "-1"]
[PlyCount "58"]
[GameId "2129405228072949"]
[EventDate "2024.11.27"]
[EventType "swiss"]
[EventRounds "9"]
[EventCountry "USA"]
[SourceTitle "10Days CBH #1-#780"]
[Source "ChessMix "]
[SourceDate "2024.12.20"]
[SourceVersion "1"]
[SourceVersionDate "2024.12.20"]
[SourceQuality "1"]

1. e4 c5 2. Nf3 d6 3. d4 cxd4 4. Qxd4 Nc6 5. Qe3 g6 6. Be2 Bg7 7. O-O Nf6 8. h3 O-O 9. Rd1 Be6 10. Nc3 Rc8 11. a3 a6 12. Rb1 Qc7 13. Qf4 Ne5 14. Qh4 Nxf3+ 15. Bxf3 b5 16. Be3 Qb8 17. Be2 Bc4 18. Bd3 Rfe8 19. Bh6 Bxh6 20. Qxh6 Qb6 21. Re1 a5 22. Qd2 b4 23. axb4 axb4 24. Nd1 b3 25. Ne3 bxc2 26. Nxc4 cxb1=N 27. Rxb1 Qd4 28. Qe2 Nxe4 29. Rd1 Nxf2 0-1

[Event "Titled Tuesday 2024.08.13 Early"]
[Site "Chess.com INT"]
[Date "2024.08.13"]
[Round "3"]
[White "Samsonkin, Artiom"]
[Black "Gatterer, Florian"]
[Result "1-0"]
[WhiteElo "2363"]
[BlackElo "2170"]
[WhiteFideId "-1"]
[WhiteFideId "-1"]
[PlyCount "105"]
[GameId "2107989758029769"]
[EventDate "2024.08.13"]
[EventType "swiss (blitz)"]
[EventRounds "11"]
[EventCountry "NET"]
[SourceTitle "EXT 2025"]
[Source "ChessBase"]
[SourceDate "2024.10.14"]
[SourceVersion "1"]
[SourceVersionDate "2024.10.14"]
[SourceQuality "1"]

1. Nf3 d5 2. b3 Nf6 3. Bb2 e6 4. e3 Be7 5. c4 O-O 6. Qc2 b6 7. cxd5 exd5 8. Be2 c5 9. O-O Bb7 10. d4 Nbd7 11. dxc5 Nxc5 12. Nc3 Rc8 13. Rac1 Nce4 14. Qb1 Nxc3 15. Rxc3 Rxc3 16. Bxc3 Ne4 17. Bb2 Bf6 18. Rc1 Qe7 19. Qa1 Bxb2 20. Qxb2 Rc8 21. Rxc8+ Bxc8 22. h3 h6 23. Qd4 Bb7 24. Qb2 Qc7 25. Nd4 Qc8 26. Bg4 Qc3 27. Qxc3 Nxc3 28. a4 g6 29. Kf1 Kf8 30. Ke1 Ke7 31. Bf3 Na2 32. Kd2 Nb4 33. Kc3 Na2+ 34. Kd2 Nb4 35. Be2 a6 36. Bf3 Kd6 37. h4 h5 38. Kc3 Na2+ 39. Kd2 Nb4 40. Be2 Nc6 41. f3 Nxd4 42. exd4 a5 43. Ke3 Bc8 44. g4 hxg4 45. fxg4 Ke7 46. Kf4 Kf6 47. h5 gxh5 48. gxh5 Bf5 49. Bf3 Bc2 50. Bxd5 Bd1 51. h6 Be2 52. h7 Kg7 53. Be4 1-0

[Event "Titled Tuesday 2024.08.13 Early"]
[Site "chess.com INT"]
[Date "2024.08.13"]
[Round "1"]
[White "Samsonkin, Artiom"]
[Black "Gomez Aguirre, Juan Alberto"]
[Result "1-0"]
[WhiteElo "2363"]
[BlackElo "2340"]
[WhiteFideId "-1"]
[WhiteFideId "-1"]
[PlyCount "97"]
[GameId "2130307539975947"]
[EventDate "2024.08.13"]
[EventType "swiss (blitz)"]
[EventRounds "11"]
[EventCountry "NET"]
[SourceTitle "The Week in Chess 1554"]
[Source "Mark Crowther"]
[SourceDate "2024.08.19"]
[SourceVersion "2"]
[SourceVersionDate "2024.08.19"]
[SourceQuality "2"]

1. e4 d5 2. exd5 Qxd5 3. Nf3 Bg4 4. Be2 Nc6 5. h3 Bh5 6. Nc3 Qa5 7. b4 Nxb4 8. O-O c6 9. Rb1 e6 10. a3 Nd5 11. Nxd5 exd5 12. Rxb7 Be7 13. Re1 O-O-O 14. Rb3 Bxf3 15. Bxf3 Bd6 16. Bb2 Nf6 17. Bc3 Qc7 18. Bxf6 gxf6 19. Bg4+ Rd7 20. Qe2 Kd8 21. Bxd7 Kxd7 22. Qg4+ Kd8 23. Qg7 Re8 24. Qxf6+ Be7 25. Qxf7 Kd7 26. Rbe3 Qd6 27. Qxh7 a5 28. Rxe7+ Rxe7 29. Rxe7+ Qxe7 30. Qxe7+ Kxe7 31. h4 Kd6 32. h5 d4 33. h6 Kc5 34. h7 Kb5 35. h8=Q Ka4 36. Qxd4+ Kxa3 37. Qc5+ Kb2 38. d4 a4 39. Qxc6 a3 40. Qb5+ Kxc2 41. Qa4+ Kb2 42. Qb4+ Ka2 43. d5 Ka1 44. Qxa3+ Kb1 45. Qb4+ Kc2 46. f4 Kd3 47. g4 Ke3 48. f5 Kf3 49. f6 1-0

[Event "Titled Tuesday 2024.08.13 Early"]
[Site "chess.com INT"]
[Date "2024.08.13"]
[Round "2"]
[White "Ince, Taylan Ruzgar"]
[Black "Samsonkin, Artiom"]
[Result "1-0"]
[WhiteElo "2237"]
[BlackElo "2363"]
[WhiteFideId "-1"]
[WhiteFideId "-1"]
[PlyCount "121"]
[GameId "2130307539980104"]
[EventDate "2024.08.13"]
[EventType "swiss (blitz)"]
[EventRounds "11"]
[EventCountry "NET"]
[SourceTitle "The Week in Chess 1554"]
[Source "Mark Crowther"]
[SourceDate "2024.08.19"]
[SourceVersion "2"]
[SourceVersionDate "2024.08.19"]
[SourceQuality "2"]

1. e4 e6 2. d4 d5 3. Nd2 dxe4 4. Nxe4 Bd7 5. Nf3 Bc6 6. Bd3 Nd7 7. O-O Ngf6 8. Qe2 Be7 9. c4 O-O 10. b3 Bxe4 11. Bxe4 c6 12. Bb2 Qa5 13. Bc2 Ba3 14. Bxa3 Qxa3 15. Rfd1 Rad8 16. h3 Rfe8 17. Ne5 Nf8 18. Rab1 Ng6 19. Bxg6 hxg6 20. b4 Nd7 21. Nf3 Qa6 22. Qc2 Qb6 23. a4 Qc7 24. c5 e5 25. d5 cxd5 26. Rxd5 e4 27. Nd4 Nf6 28. Nb5 Qf4 29. Rxd8 Rxd8 30. Qe2 Rd2 31. Qe3 Qxe3 32. fxe3 Nd5 33. Rb3 Rd3 34. Rb2 Nxe3 35. Nxa7 Nc4 36. Rb1 e3 37. b5 Ra3 38. c6 bxc6 39. bxc6 Rxa4 40. c7 Nd6 41. c8=Q+ Nxc8 42. Nxc8 Rd4 43. Ne7+ Kf8 44. Nc6 Re4 45. Rb8+ Re8 46. Rxe8+ Kxe8 47. Kf1 Kd7 48. Nb4 Ke6 49. Ke2 Ke5 50. Kxe3 f5 51. Nd3+ Kf6 52. Kd4 g5 53. Kd5 Kg6 54. Ke5 f4 55. Nf2 Kh5 56. Ke4 Kh4 57. Kf3 g6 58. Ng4 Kh5 59. Ne5 Kh4 60. Nxg6+ Kh5 61. Nxf4+ 1-0

[Event "Titled Tuesday 2024.08.13 Early"]
[Site "chess.com INT"]
[Date "2024.08.13"]
[Round "4"]
[White "Samsonkin, Artiom"]
[Black "Khumalo, Keith"]
[Result "0-1"]
[WhiteElo "2363"]
[BlackElo "2136"]
[WhiteFideId "-1"]
[WhiteFideId "-1"]
[PlyCount "82"]
[GameId "2130307539984452"]
[EventDate "2024.08.13"]
[EventType "swiss (blitz)"]
[EventRounds "11"]
[EventCountry "NET"]
[SourceTitle "The Week in Chess 1554"]
[Source "Mark Crowther"]
[SourceDate "2024.08.19"]
[SourceVersion "2"]
[SourceVersionDate "2024.08.19"]
[SourceQuality "2"]

1. e4 c5 2. Nf3 Nc6 3. Bb5 g6 4. c3 Nf6 5. Qe2 Bg7 6. O-O O-O 7. d4 cxd4 8. cxd4 d5 9. e5 Ne4 10. Bxc6 bxc6 11. Nc3 Nxc3 12. bxc3 Qa5 13. Qe3 f6 14. a4 Rb8 15. Ba3 Qc7 16. Rfe1 Rb3 17. Nd2 Rb7 18. exf6 Bxf6 19. Nf3 Rb3 20. Bc5 Bf5 21. a5 Rfb8 22. a6 Rb1 23. Raxb1 Rxb1 24. Rxb1 Bxb1 25. Qe6+ Kg7 26. Qe3 h6 27. h3 Be4 28. Nd2 Bf5 29. g4 Bc8 30. Qe2 Kf7 31. Nf3 Qf4 32. Bxa7 Qc1+ 33. Kg2 Qa1 34. Ne5+ Kg7 35. c4 Bxa6 36. Bc5 Qc3 37. Nxc6 Bxc4 38. Qe6 Qc1 39. Bxe7 Qf1+ 40. Kg3 Qg1+ 41. Kf3 Qh1+ 0-1

[Event "Titled Tuesday 2024.08.06 Early"]
[Site "Chess.com INT"]
[Date "2024.08.06"]
[Round "3"]
[White "Samsonkin, Artiom"]
[Black "Melaa, Sondre Lillestol"]
[Result "1-0"]
[WhiteElo "2363"]
[BlackElo "2315"]
[WhiteFideId "-1"]
[WhiteFideId "-1"]
[PlyCount "81"]
[GameId "2107989757512313"]
[EventDate "2024.08.06"]
[EventType "swiss (blitz)"]
[EventRounds "11"]
[EventCountry "NET"]
[SourceTitle "EXT 2025"]
[Source "ChessBase"]
[SourceDate "2024.10.14"]
[SourceVersion "1"]
[SourceVersionDate "2024.10.14"]
[SourceQuality "1"]

1. e4 e5 2. Nf3 Nc6 3. d4 exd4 4. Bc4 Nf6 5. e5 d5 6. Bb5 Ne4 7. Nxd4 Bc5 8. Be3 O-O 9. Nxc6 bxc6 10. Bxc5 Nxc5 11. Bxc6 Rb8 12. Qxd5 Qe7 13. O-O Rxb2 14. Nc3 Rd8 15. Qf3 Ne6 16. Qe3 Rxc2 17. Rad1 Ba6 18. Be4 Rxc3 19. Qxc3 Bxf1 20. Rxf1 Nd4 21. Qe3 c5 22. f4 c4 23. Rc1 Qc5 24. Kf1 g6 25. h4 Rc8 26. Rc3 Nb5 27. Qxc5 Rxc5 28. Rc1 Kf8 29. Ke2 Ke7 30. Ke3 Ke6 31. g4 h6 32. a4 Nc7 33. Kd4 Na6 34. f5+ gxf5 35. gxf5+ Kd7 36. Rxc4 Rxc4+ 37. Kxc4 Nc7 38. Kc5 Ne8 39. Bc6+ Ke7 40. Bxe8 Kxe8 41. Kc6 1-0

[Event "Titled Tuesday 2024.08.06 Early"]
[Site "Chess.com INT"]
[Date "2024.08.06"]
[Round "5"]
[White "Aaron, Deepak"]
[Black "Samsonkin, Artiom"]
[Result "0-1"]
[WhiteElo "2289"]
[BlackElo "2363"]
[WhiteFideId "-1"]
[WhiteFideId "-1"]
[PlyCount "46"]
[GameId "2107989757529070"]
[EventDate "2024.08.06"]
[EventType "swiss (blitz)"]
[EventRounds "11"]
[EventCountry "NET"]
[SourceTitle "EXT 2025"]
[Source "ChessBase"]
[SourceDate "2024.10.14"]
[SourceVersion "1"]
[SourceVersionDate "2024.10.14"]
[SourceQuality "1"]

1. e4 d5 2. exd5 Qxd5 3. Nf3 Bg4 4. Be2 Nc6 5. h3 Bxf3 6. Bxf3 Qe6+ 7. Qe2 Nd4 8. Qxe6 Nxf3+ 9. gxf3 fxe6 10. d4 Nf6 11. Bf4 O-O-O 12. c3 g6 13. Nd2 Bg7 14. O-O-O Rhf8 15. Rde1 Nd5 16. Bg5 h6 17. Bh4 Kd7 18. Re4 Bf6 19. Rhe1 Bxh4 20. Rxh4 Nf4 21. Rg1 Ne2+ 22. Kc2 Nxg1 23. Rxh6 Nxf3 0-1

[Event "Titled Tuesday 2024.08.06 Early"]
[Site "Chess.com INT"]
[Date "2024.08.06"]
[Round "6"]
[White "Samsonkin, Artiom"]
[Black "Paravyan, David"]
[Result "0-1"]
[WhiteElo "2363"]
[BlackElo "2600"]
[WhiteFideId "-1"]
[WhiteFideId "-1"]
[PlyCount "88"]
[GameId "2107989757545935"]
[EventDate "2024.08.06"]
[EventType "swiss (blitz)"]
[EventRounds "11"]
[EventCountry "NET"]
[SourceTitle "EXT 2025"]
[Source "ChessBase"]
[SourceDate "2024.10.14"]
[SourceVersion "1"]
[SourceVersionDate "2024.10.14"]
[SourceQuality "1"]

1. e4 e5 2. Nf3 Nf6 3. d4 exd4 4. e5 Ne4 5. Qxd4 d5 6. exd6 Nxd6 7. Nc3 Nc6 8. Qf4 Bf5 9. Bb5 Qe7+ 10. Be3 Nxb5 11. Nxb5 Qb4+ 12. Qxb4 Bxb4+ 13. Bd2 Bxd2+ 14. Nxd2 O-O-O 15. O-O-O a6 16. Nc3 Nd4 17. Nde4 Rhe8 18. f3 Bxe4 19. Nxe4 Ne2+ 20. Kb1 Nf4 21. g3 Nh3 22. Rxd8+ Rxd8 23. Kc1 f5 24. Nc3 Ng5 25. f4 Nf3 26. Rf1 Nxh2 27. Rh1 Ng4 28. Rxh7 g6 29. Rg7 Rd6 30. Na4 b6 31. Nc3 Ne3 32. a4 Kb7 33. b3 Kc6 34. Kb2 Rd2 35. Rxg6+ Kc5 36. Nb1 Rxc2+ 37. Ka3 Rg2 38. b4+ Kc4 39. Rc6+ Kd5 40. Rxc7 Nc4+ 41. Kb3 Rb2+ 42. Kc3 Rxb1 43. Rd7+ Kc6 44. Rf7 Nd6 0-1

[Event "Titled Tuesday 2024.08.06 Early"]
[Site "Chess.com INT"]
[Date "2024.08.06"]
[Round "8"]
[White "Samsonkin, Artiom"]
[Black "Grinev, Valeriy"]
[Result "1-0"]
[WhiteElo "2363"]
[BlackElo "2422"]
[WhiteFideId "-1"]
[WhiteFideId "-1"]
[PlyCount "163"]
[GameId "2107989757566910"]
[EventDate "2024.08.06"]
[EventType "swiss (blitz)"]
[EventRounds "11"]
[EventCountry "NET"]
[SourceTitle "EXT 2025"]
[Source "ChessBase"]
[SourceDate "2024.10.14"]
[SourceVersion "1"]
[SourceVersionDate "2024.10.14"]
[SourceQuality "1"]

1. e4 c6 2. Nc3 d5 3. Nf3 Bg4 4. h3 Bxf3 5. Qxf3 dxe4 6. Nxe4 Nd7 7. d4 Ngf6 8. c3 Nxe4 9. Qxe4 Nf6 10. Qf3 e6 11. Bd3 Be7 12. O-O O-O 13. Bc2 Nd5 14. Re1 g6 15. Qg3 Re8 16. Bh6 Bf6 17. Rad1 Bg7 18. Bc1 b5 19. Qf3 Bf6 20. g3 Bg5 21. h4 Bxc1 22. Rxc1 h5 23. Re5 Kg7 24. Rce1 Qf6 25. Qe2 Rad8 26. Rg5 Kf8 27. Re5 Rd6 28. a4 a6 29. axb5 axb5 30. Ra1 Rdd8 31. Qd2 Ra8 32. Rae1 Kg7 33. Be4 Red8 34. Rg5 Kf8 35. Re5 Kg7 36. Kg2 Ra2 37. Bb1 Ra7 38. Be4 Ra2 39. Bb1 Ra7 40. Rg5 Kf8 41. Qe2 Re8 42. Be4 Ra2 43. Bxd5 cxd5 44. Rxd5 b4 45. cxb4 exd5 46. Qxe8+ Kg7 47. Qe5 Rxb2 48. Qxf6+ Kxf6 49. Re5 Rxb4 50. Rxd5 Ke6 51. Rd8 Ke7 52. Rd5 Ke6 53. Re5+ Kd6 54. Re4 Rb3 55. Rf4 Ke6 56. Rf3 Rb4 57. Rd3 Kd5 58. Re3 Kd6 59. Re4 Rb3 60. f3 Rb2+ 61. Kh3 Rb3 62. Rf4 f5 63. Kg2 Kd5 64. g4 hxg4 65. fxg4 Ke6 66. h5 gxh5 67. gxh5 Kf6 68. Rh4 Kg5 69. Rh1 Rb2+ 70. Kf3 Rb3+ 71. Ke2 Rb6 72. d5 Rh6 73. Kd3 f4 74. Ke4 f3 75. Kxf3 Kf5 76. Rh4 Ke5 77. Kg4 Kxd5 78. Kg5 Rh8 79. h6 Rg8+ 80. Kf6 Rf8+ 81. Kg7 Rf4 82. Rxf4 1-0

[Event "Titled Tuesday 2024.08.06 Early"]
[Site "Chess.com INT"]
[Date "2024.08.06"]
[Round "9"]
[White "Samsonkin, Artiom"]
[Black "Oparin, Grigoriy"]
[Result "1-0"]
[WhiteElo "2363"]
[BlackElo "2662"]
[WhiteFideId "-1"]
[WhiteFideId "-1"]
[PlyCount "49"]
[GameId "2107989757575342"]
[EventDate "2024.08.06"]
[EventType "swiss (blitz)"]
[EventRounds "11"]
[EventCountry "NET"]
[SourceTitle "EXT 2025"]
[Source "ChessBase"]
[SourceDate "2024.10.14"]
[SourceVersion "1"]
[SourceVersionDate "2024.10.14"]
[SourceQuality "1"]

1. e4 c5 2. Nf3 Nc6 3. Bb5 e5 4. O-O Bd6 5. c3 a6 6. Bxc6 dxc6 7. d4 exd4 8. cxd4 Bg4 9. dxc5 Bxc5 10. Qc2 Ba7 11. Ne5 Bh5 12. Nc3 Qe7 13. Bf4 Nf6 14. Nc4 O-O 15. Bd6 Qe6 16. Bxf8 Rxf8 17. b3 Bd4 18. Rae1 b5 19. Ne3 Bg6 20. Nf5 c5 21. Ne2 Be5 22. Qxc5 Nxe4 23. Ne7+ Kh8 24. Nxg6+ hxg6 25. Qxf8+ 1-0

[Event "Titled Tuesday 2024.08.06 Early"]
[Site "Chess.com INT"]
[Date "2024.08.06"]
[Round "11"]
[White "Zhigalko, Sergei"]
[Black "Samsonkin, Artiom"]
[Result "1-0"]
[WhiteElo "2572"]
[BlackElo "2363"]
[WhiteFideId "-1"]
[WhiteFideId "-1"]
[PlyCount "55"]
[GameId "2107989757596291"]
[EventDate "2024.08.06"]
[EventType "swiss (blitz)"]
[EventRounds "11"]
[EventCountry "NET"]
[SourceTitle "EXT 2025"]
[Source "ChessBase"]
[SourceDate "2024.10.14"]
[SourceVersion "1"]
[SourceVersionDate "2024.10.14"]
[SourceQuality "1"]

1. e4 c6 2. d4 d5 3. e5 c5 4. Nf3 cxd4 5. Qxd4 Nc6 6. Qf4 g6 7. Nc3 d4 8. Ne4 Bh6 9. Qg3 Bxc1 10. Rxc1 Qa5+ 11. Ned2 Nh6 12. Qf4 Ng4 13. b4 Qa3 14. Rb1 f6 15. exf6 Nxf6 16. Bc4 Bf5 17. O-O O-O-O 18. b5 e5 19. Qh4 Na5 20. Qxf6 e4 21. Nxe4 Nxc4 22. Ng3 Kb8 23. Nxf5 gxf5 24. b6 axb6 25. Nxd4 Qc5 26. Ne6 Rd6 27. Qxh8+ Ka7 28. Nxc5 1-0

[Event "Titled Tuesday 2024.08.06 Early"]
[Site "chess.com INT"]
[Date "2024.08.06"]
[Round "1"]
[White "Samsonkin, Artiom"]
[Black "Zia, Tahsin Tajwar"]
[Result "1-0"]
[WhiteElo "2363"]
[BlackElo "2255"]
[WhiteFideId "-1"]
[WhiteFideId "-1"]
[PlyCount "71"]
[GameId "2130307540306881"]
[EventDate "2024.08.06"]
[EventType "swiss (blitz)"]
[EventRounds "11"]
[EventCountry "NET"]
[SourceTitle "The Week in Chess 1553"]
[Source "Mark Crowther"]
[SourceDate "2024.08.12"]
[SourceVersion "2"]
[SourceVersionDate "2024.08.13"]
[SourceQuality "2"]

1. e4 c6 2. d4 d5 3. exd5 cxd5 4. Bd3 Nc6 5. c3 Nf6 6. h3 g6 7. Nf3 Bf5 8. Be2 h6 9. O-O g5 10. Ne5 e6 11. Bb5 Rc8 12. f4 gxf4 13. Bxf4 Qb6 14. Qe2 Be7 15. Nd2 a6 16. Bd3 Bxd3 17. Nxd3 Na5 18. Be5 Qd8 19. Qf2 Ne4 20. Nxe4 dxe4 21. Qxf7+ Kd7 22. Nf4 Qg8 23. Ng6 Rh7 24. Nxe7 Rxf7 25. Nxg8 Rxf1+ 26. Rxf1 Rxg8 27. Rf7+ Kc6 28. b4 Nc4 29. Rc7+ Kb5 30. a4+ Kxa4 31. Rxc4 Kb3 32. Rc7 e3 33. Kf1 Kc2 34. Ke2 Rxg2+ 35. Kxe3 b5 36. Rc6 1-0

[Event "Titled Tuesday 2024.08.06 Early"]
[Site "chess.com INT"]
[Date "2024.08.06"]
[Round "2"]
[White "Zenelaj, Samuel"]
[Black "Samsonkin, Artiom"]
[Result "0-1"]
[WhiteElo "2207"]
[BlackElo "2363"]
[WhiteFideId "-1"]
[WhiteFideId "-1"]
[PlyCount "64"]
[GameId "2130307540311095"]
[EventDate "2024.08.06"]
[EventType "swiss (blitz)"]
[EventRounds "11"]
[EventCountry "NET"]
[SourceTitle "The Week in Chess 1553"]
[Source "Mark Crowther"]
[SourceDate "2024.08.12"]
[SourceVersion "2"]
[SourceVersionDate "2024.08.13"]
[SourceQuality "2"]

1. e4 e6 2. d4 d5 3. Nd2 dxe4 4. Nxe4 Bd7 5. Nf3 Bc6 6. Ng3 Nd7 7. Bd3 Ngf6 8. c3 g6 9. O-O Bg7 10. Re1 O-O 11. a4 a5 12. Bf4 Bd5 13. Ne5 Nxe5 14. dxe5 Nd7 15. Qg4 h5 16. Nxh5 gxh5 17. Qxh5 f5 18. exf6 Nxf6 19. Qh4 Ne4 20. Qxd8 Raxd8 21. Bxc7 Nxf2 22. Bb5 Rc8 23. Bxa5 Ng4 24. Bb6 Ne5 25. Bd4 Rf5 26. Rf1 Rg5 27. Rf2 Nf3+ 28. Kh1 Nxd4 29. cxd4 Bxd4 30. Rd2 Be3 31. Re2 Bd4 32. Rd1 e5 0-1